000 00747cab a2200241 4500
001 WB3347-26
008 090401t1997 xxu||||| |||| 00| 0 eng d
035 _a(Sirsi) u82457
041 _aeng
245 _aHunting debate
260 _c1997
350 _a0
490 _aTimes
_v29 November 1997, 4-5(2) LOAN
520 _aUpdate on the hunting debate after the overwhelming vote in favour of the private members` "Wild Mammals (Hunting with Dogs) Bill. Lists 10 oldest foxhunts and sites of other hunts.
650 _aFOXES
650 _aHARE COURSING
650 _aHUNTING
650 _aPRIVATE MEMBERS BILLS
650 _aWILD MAMMALS (HUNTING WITH DOGS) BILL
690 _aRURAL PRACTICE
942 _n0
948 _c02/12/1997
999 _c52070
_d52070